| 000 | 00880nam a2200277 i 4500 | ||
|---|---|---|---|
| 001 | C2-0073242 | ||
| 003 | PPAK | ||
| 005 | 20250710174227.0 | ||
| 008 | 970429s1985 my a er 000 cmay d | ||
| 020 |
_qpaperback _cRM0.00 |
||
| 040 |
_aPPAK _beng _cPPAK _erda |
||
| 082 | 0 | 4 |
_a928.9923 _223 |
| 090 | 0 | 0 |
_a928.9923 _bWAR _dKSS |
| 090 | 2 | 0 |
_a928.9923 _bWAR _dKWS |
| 090 | 2 | 0 |
_a928.9923 _bWAR _dKHB |
| 245 | 0 | 0 |
_awarisan Sastera PULAU PINANG / _cDiselenggarakan oleh ABDUL LATIFF ABU BAKAR. |
| 264 | 1 |
_aKuala Lumpur : _bBiro Penerbitan Gapena, _c1985 |
|
| 300 |
_axiii, 189 pages : _billustrations ; _c23 cm |
||
| 336 |
_atext _2rdacontent |
||
| 337 |
_aunmediated _2rdamedia |
||
| 338 |
_avolume _2rdacarrier |
||
| 504 | _aBibliography : page 188 | ||
| 650 | 1 | 0 |
_aAuthors, Malay _vBiography |
| 700 | 0 |
_aAbdul Latiff Abu Bakar, _ecompiler. |
|
| 942 |
_cB _2ddc |
||
| 999 |
_c9910 _d9910 |
||